| 000 | 01069nam0a22002651 4500 | ||
|---|---|---|---|
| 001 | rc\683689 | ||
| 005 | 20250621211514.0 | ||
| 035 | _a(NLR Aleph) 005920843 | ||
| 090 |
_a6475461 _c6475461 |
||
| 100 | _a20031121d1985 |||y0rusy50 ca | ||
| 101 | 0 | _arus | |
| 102 | _aRU | ||
| 105 | _ay ||||||||| | ||
| 200 | 1 |
_aОсновные принципы управления базами данных в МВК "Эльбрус" _fБ.А. Бабаян, С.В. Веретенников, В.П. Лебедев |
|
| 210 |
_aМ. _cИТМИВТ _d1985 |
||
| 215 |
_a16 с. _d20 |
||
| 225 | 1 |
_aПрепринт _fИн-т точ. механики и вычисл. техники им. С.А. Лебедева АН СССР _v№ 17 |
|
| 700 | 1 |
_aБабаян _bБ.А. _f1933- _gБорис Арташесович |
|
| 701 | 1 |
_aВеретенников _bС.В. _gСергей Владимирович |
|
| 701 | 1 |
_aЛебедев _bВ.П. _gВладимир Павлович |
|
| 801 | 0 |
_aRU _bNLR _gpsbo |
|
| 801 | 1 |
_aRU _bELAR _2rusmarc |
|
| 852 |
_aNLR _j86-4/10598 |
||
| 942 | _cBOOK | ||
| 980 | _aNB | ||